000 00531ntaaa2200205 4500
003 01
005 20251027202317.0
008 0714s1973 ag 01
020 _a2825407305
040 _aAR-BaBN
_bspa
_cAR-BaBN
_eaacr
_dRIC
082 _a280.1000 P86f
100 _aPoulton, John
_917080
245 _aLa fiesta de la vida
250 _a1 ed.
260 _aGeneva :
_bWorld Council of Churches,
_c1982
300 _a96 p ;
_cilu. : 21 cm
650 _aConcilio mundial de iglesias
_93998
650 _aJesucristo
942 _cBK
999 _c17927
_d17927